000 01014cab a22001935a 4500
001 L145518
008 081017s2008 xxkado f 000 0 eng d
035 _a(Sirsi) u145518
041 0 _aeng
100 1 _aBirch, Adrian
245 0 0 _aBuilding briefing
_benergy efficiency
_bpart 1, conservation and benefits
260 _c2008
490 _aLetting Update Journal
_v(16)3 October 2008, 22-32(3)
520 _aArticle addresses the importance of efficient energy consumption and suggests that tenants will start to make informed decisions about choosing to rent properties that are more energy efficient in future. Suggests a strategic approach to energy efficiency and provides cost benefits analysis for a variety of home improvements. Identifies the main areas of energy consumption and discusses areas where landlords can improve these for potential tenants.
590 _aKA
651 4 _aUnited Kingdom
_y
690 _aENVIRONMENTAL AND LAND CONSULTANCY-ENERGY-ENERGY USE-ENERGY EFFICIENCY
942 _n0
999 _c80850
_d80850